|
|
|
|
| LEADER |
01123nam a22002297a 4500 |
| 001 |
35865 |
| 003 |
BD-DhAAL |
| 008 |
211027t20062006bg a|||| |||| 00| 0 ben d |
| 999 |
|
|
|c 43282
|d 43282
|
| 040 |
|
|
|a BD-DhAAL
|
| 082 |
|
|
|a 547
|2 23
|
| 100 |
|
|
|a আলী, মুহম্মদ ইদ্রিস
|9 42254
|
| 245 |
|
|
|a মৌলিক জৈব রসায়ন /
|c মুহম্মদ ইদ্রিস আলী
|
| 246 |
|
|
|a Fundamental organic chemistry
|
| 260 |
|
|
|a ঢাকা :
|b কোয়ালিটি পাবলিকেশন,
|c ২০০৬ [তৃতীয় সংস্করণ ২০০৬].
|
| 300 |
|
|
|a ৮৭২ পৃষ্ঠা, [২২] :
|b চিত্র ;
|c ২২ সে.মি.
|
| 526 |
|
|
|a BIED
|
| 541 |
|
|
|a Complimentary copy from BIED
|e 35865
|
| 650 |
|
|
|a Chemistry, Organic.
|9 42255
|
| 852 |
|
|
|a Ayesha Abed Library
|c BIED Collection
|
| 942 |
|
|
|2 ddc
|c BK
|
| 952 |
|
|
|0 0
|1 0
|2 ddc
|4 0
|6 547_000000000000000_ALI
|7 0
|9 69434
|a BRACUL
|b BRACUL
|c GEN
|d 2021-10-27
|e Complimentary copy from BIED
|l 1
|m 17
|o 547 ALI
|p 3010035865
|r 2024-05-29
|s 2024-01-28
|t 1
|w 2021-10-27
|y BK
|x Transferred from BIED to General Stacks
|